NHL MVP rankings all time - Statistics

General Stats
  • This quiz has been taken 20 times
  • The average score is 11 of 25
Answer Stats
Points Player % Correct
126 Wayne Gretzky
100%
73 Bobby Orr
88%
80 Mario Lemieux
88%
54.5 Bobby Hull
76%
108.5 Gordie Howe
76%
46 Guy Lafleur
76%
37 Mark Messier
71%
48.5 Patrick Roy
65%
37 Dominik Hasek
59%
53 Jaromir Jagr
59%
59 Maurice Richard
59%
39 Phil Esposito
59%
37 Bobby Clarke
41%
40 Bryan Trottier
41%
79 Jean Beliveau
41%
62 Eddie Shore
18%
47 Howie Morenz
18%
31 Nels Stewart
12%
42 Stan Makita
12%
42 Bill Cowley
6%
33 Milt Schmidt
6%
49 Ted Kennedy
6%
33 Terry Sawchuk
6%
32 Elmer Lach
0%
40 Syl Apps
0%
No matching quizzes found
Score Distribution
Percent of People with Each Score
Percentile by Number Answered
Your Score History
You have not taken this quiz